| 000 | 00413cam a2200157ua 4500 | ||
|---|---|---|---|
| 003 | OSt | ||
| 005 | 20260213112908.0 | ||
| 008 | 260213b |||||||| |||| 00| 0 eng d | ||
| 041 | _aeng | ||
| 082 |
_a028.73 500 _bPUB/GO |
||
| 245 | _aGolden treasury of science and technology / | ||
| 250 | _a4 / | ||
| 260 |
_aNew Delhi : _bPublication and information directorate , _c1996. |
||
| 300 | _a360 ; . | ||
| 942 | _cBK | ||
| 999 |
_c10192 _d10192 |
||